000 00957cad a22001935a 4500
001 L151173
008 101005s2010 xxk f 000 0 eng d
035 _a(Sirsi) u151173
041 0 _aeng
110 2 _aFederation of Master Builders
_9465
245 0 0 _aBuilding for success
_ba programme for the 2010 Parliament from the Federation of Master Builders
_h[electronic resource]
260 _aLondon
_bFMB
_c2010
520 _aThe importance of the construction industry in the UK; policy recommendations from the FMB; developing skills and training; building a greener Britain; creating a new busines environment; challenges faced; reduce construction waste; improve health and safety; reform the procurement process.
590 _aKA NTK
651 4 _aUnited Kingdom
_y
690 _aBUILT ENVIRONMENT-CONSTRUCTION MARKET
856 4 8 _uhttps://www.fmb.org.uk/news/building-for-success/
_zView the website free of charge at www.fmb.org.uk
942 _n0
999 _c111206
_d111206